Philippine civil society and the globalization discourse (Record no. 4451)

MARC details
000 -LEADER
fixed length control field 00783nam a22002297a 4500
003 - CONTROL NUMBER IDENTIFIER
control field OSt
005 - DATE AND TIME OF LATEST TRANSACTION
control field 20250904011723.0
008 - FIXED-LENGTH DATA ELEMENTS--GENERAL INFORMATION
fixed length control field 250904b |||||||| |||| 00| 0 eng d
020 ## - INTERNATIONAL STANDARD BOOK NUMBER
International Standard Book Number 971-12463-6
040 ## - CATALOGING SOURCE
Original cataloging agency DWCL - Main lib
Transcribing agency OC
082 ## - DEWEY DECIMAL CLASSIFICATION NUMBER
Classification number Fil. 337.22 F811 2004
100 ## - MAIN ENTRY--PERSONAL NAME
Personal name Frago, P.
245 ## - TITLE STATEMENT
Title Philippine civil society and the globalization discourse
260 ## - PUBLICATION, DISTRIBUTION, ETC.
Place of publication, distribution, etc. Quezon City :
Name of publisher, distributor, etc. Third World Studies Center,
Date of publication, distribution, etc. c2004
300 ## - PHYSICAL DESCRIPTION
Extent xvi, 143 pages :
Dimensions 22 cm.
504 ## - BIBLIOGRAPHY, ETC. NOTE
Bibliography, etc. note Includes bibliographical references and index
650 ## - SUBJECT ADDED ENTRY--TOPICAL TERM
Source of heading or term Civil society-Philippines
650 ## - SUBJECT ADDED ENTRY--TOPICAL TERM
Source of heading or term Globalization--Philippines
700 ## - ADDED ENTRY--PERSONAL NAME
Personal name Quinsaat, Sharon M.
700 ## - ADDED ENTRY--PERSONAL NAME
Personal name Viajar, Verna Dinah Q.
942 ## - ADDED ENTRY ELEMENTS (KOHA)
Source of classification or shelving scheme Dewey Decimal Classification
Koha item type Book-Filipiniana
Classification part Fil. 337.22 F811 2004
Call number prefix Fil.
Suppress in OPAC No
952 ## - LOCATION AND ITEM INFORMATION (KOHA)
--
Holdings
Withdrawn status Lost status Source of classification or shelving scheme Damaged status Not for loan Home library Current library Shelving location Date acquired Source of acquisition Total Checkouts Full call number Barcode Date last seen Copy number Price effective from Koha item type Uniform Resource Identifier
    Dewey Decimal Classification     College Library College Library Filipiniana 01/13/2006 School Fund   Fil. 337.22 F811 2004 42672 09/04/2025 c1 09/04/2025 BK - FIL